Welcome to the Holygrace Academy Library

Please use search bar below to get started

ONE FISH TWO FISH RED FISH BLUE FISH (Record no. 2691)

MARC details
000 -LEADER
fixed length control field 00306nam a22001337a 4500
020 ## - INTERNATIONAL STANDARD BOOK NUMBER
ISBN 9780007792726
082 ## - DEWEY DECIMAL CLASSIFICATION NUMBER
Classification number 823
Item number SEU/O
100 ## - MAIN ENTRY--AUTHOR NAME
Personal name DR. SEUSS
245 ## - TITLE STATEMENT
Title ONE FISH TWO FISH RED FISH BLUE FISH
260 ## - PUBLICATION, DISTRIBUTION, ETC. (IMPRINT)
Place of publication UK
Name of publisher RANDOM HOUSE
Year of publication 2005
300 ## - PHYSICAL DESCRIPTION
Number of Pages 63
650 ## - SUBJECT ADDED ENTRY--TOPICAL TERM
Topical Term ENGLISH SHORT STORY
Geographic subdivision UK
942 ## - ADDED ENTRY ELEMENTS (KOHA)
Koha item type Books
Holdings
Withdrawn status Lost status Collection code Home library Current library Shelving location Date acquired Source of acquisition Full call number Accession Number Koha item type
    Fiction Main Library Main Library SHELF 3- D- ENGLISH CHILDRENS LITERATURE &MYTHOLOGY 12/02/2009 PURCHASE 823 SEU/O 04482 Books